[Event "GER-chT Lands U20"]
[Site "Hannover"]
[Date "2015.10.05"]
[Round "5.6"]
[White "Siegl, Melina"]
[Black "Schwarz, Larissa"]
[Result "1-0"]
[WhiteElo "1971"]
[BlackElo "1937"]
[PlyCount "67"]
[EventDate "2015.10.03"]
[EventType "team-swiss"]
[EventRounds "7"]
[EventCountry "GER"]
[SourceTitle "CBM 168 Extra"]
[Source "ChessBase"]
[SourceDate "2015.10.29"]
[SourceVersion "1"]
[SourceVersionDate "2015.10.29"]
[SourceQuality "1"]
[WhiteTeam "Bayern (U20)"]
[BlackTeam "Rheinland Pfalz (U20)"]
[WhiteTeamCountry "GER"]
[BlackTeamCountry "GER"]

1. e4 c5 2. Nf3 e6 3. d3 Nc6 4. g3 d5 5. Nbd2 g6 6. Bg2 Bg7 7. 0-0 Nf6 8. Re1 0-0 9. Qe2 b6 10. Nf1 Ba6 11. e5 Nd7 12. Bf4 h6 13. h4 Rc8 14. c3 b5 15. Qd2 Kh7 16. N1h2 Ne7 17. Kh1 Qb6 18. g4 b4 19. c4 Rcd8 20. Qc2 Nb8 21. h5 Nbc6 22. b3 dxc4 23. dxc4 Bb7 24. Rad1 Nd4 25. Nxd4 Bxg2+ 26. Kxg2 Rxd4 27. Rxd4 cxd4 28. Nf3 Rd8 29. Rd1 Qc5 30. Qe4 Nc6 31. g5 a5 32. gxh6 Bxh6 33. hxg6+ fxg6 34. Rh1 1-0

[Event "GER-chT Lands U20"]
[Site "Hannover"]
[Date "2015.10.03"]
[Round "1.6"]
[White "Schwarz, Larissa"]
[Black "Woelk, Tom Frederic"]
[Result "1-0"]
[WhiteElo "1937"]
[BlackElo "1685"]
[PlyCount "119"]
[EventDate "2015.10.03"]
[EventType "team-swiss"]
[EventRounds "7"]
[EventCountry "GER"]
[SourceTitle "CBM 168 Extra"]
[Source "ChessBase"]
[SourceDate "2015.10.29"]
[SourceVersion "1"]
[SourceVersionDate "2015.10.29"]
[SourceQuality "1"]
[WhiteTeam "Rheinland Pfalz (U20)"]
[BlackTeam "Hamburg (U20)"]
[WhiteTeamCountry "GER"]
[BlackTeamCountry "GER"]

1. e4 c5 2. Nf3 d6 3. d4 cxd4 4. Nxd4 Nf6 5. Nc3 a6 6. Be3 e5 7. Nb3 Be6 8. f3 Be7 9. Qd2 Nbd7 10. 0-0-0 b5 11. g4 Nb6 12. Na5 Qc7 13. g5 Nfd7 14. Nd5 Bxd5 15. exd5 Rc8 16. Nc6 Nxd5 17. Qxd5 Qxc6 18. Qxc6 Rxc6 19. f4 Nc5 20. Bg2 Rc7 21. Rd5 f6 22. fxe5 dxe5 23. gxf6 gxf6 24. Bf3 Kf7 25. Rhd1 Rhc8 26. Bg4 Rg8 27. h3 Ne4 28. R5d3 Ng5 29. Rd7 Rgc8 30. R7d2 Rh8 31. Bxg5 fxg5 32. Rf2+ Kg7 33. Rd5 Bf6 34. Rd6 Rf8 35. Rxa6 Rff7 36. Bh5 Rf8 37. Rb6 Ra7 38. a3 Ra5 39. Be2 e4 40. Kb1 Bd4 41. Rb7+ Kg8 42. Rxf8+ Kxf8 43. Rxh7 b4 44. axb4 Rf5 45. Rd7 Bf6 46. b5 Ke8 47. Rd1 Bd8 48. c4 Ke7 49. b4 Rf4 50. Rd5 Ke8 51. Bh5+ Ke7 52. Rxg5 e3 53. Be2 Ke6 54. Rg4 Rxg4 55. hxg4 Ke5 56. Kc2 Kd4 57. c5 Kd5 58. Kd3 Bg5 59. Bf3+ Ke6 60. b6 1-0

[Event "GER-ch U18 Girls"]
[Site "Willingen"]
[Date "2015.05.28"]
[Round "7"]
[White "Poetsch, Leonore"]
[Black "Schwarz, Larissa"]
[Result "1/2-1/2"]
[WhiteElo "1735"]
[BlackElo "1983"]
[PlyCount "139"]
[EventDate "2015.05.24"]
[EventType "swiss"]
[EventRounds "9"]
[EventCountry "GER"]
[SourceTitle "CBM 166 Extra"]
[Source "ChessBase"]
[SourceDate "2015.06.18"]
[SourceVersion "1"]
[SourceVersionDate "2015.06.18"]
[SourceQuality "1"]

1. d4 Nf6 2. c4 g6 3. Nc3 d5 4. cxd5 Nxd5 5. Bd2 Bg7 6. e4 Nb6 7. Be3 0-0 8. f4 f5 9. Nf3 fxe4 10. Nxe4 Nd5 11. Bc4 e6 12. Qd2 Nc6 13. Rd1 Nce7 14. 0-0 Nf5 15. Bf2 Nd6 16. Nxd6 cxd6 17. Bh4 Qb6 18. Ng5 h6 19. Ne4 Bd7 20. Nc3 Nf6 21. Kh1 d5 22. Bb3 Nh5 23. Be7 Rf7 24. Bc5 Qd8 25. g4 Nf6 26. Qg2 Nh7 27. Bc2 g5 28. fxg5 Nxg5 29. h4 Rxf1+ 30. Rxf1 Nf7 31. Qf2 Be8 32. Ne2 Qc8 33. Nf4 b6 34. Ng6 Qc7 35. Ne7+ Kh8 36. Ba3 Nd6 37. Ng6+ Bxg6 38. Bxg6 Nc4 39. Rc1 Qd8 40. Bb4 Qf6 41. Qxf6 Bxf6 42. b3 Ne3 43. g5 hxg5 44. hxg5 Bxg5 45. Bd2 Kg7 46. Bd3 Kf6 47. Kg1 Nf5 48. Bxg5+ Kxg5 49. Bxf5 Kxf5 50. Kf2 Ke4 51. Re1+ Kxd4 52. Rxe6 Rc8 53. Re2 Rc3 54. Rd2+ Kc5 55. Ke2 d4 56. Kd1 Kd5 57. Rh2 Re3 58. Kd2 a5 59. Rh5+ Re5 60. Rh6 Kc5 61. a3 Rd5 62. Kd3 Rd7 63. Rg6 Rd5 64. Rh6 Rg5 65. Rh3 Re5 66. Rg3 b5 67. Rh3 a4 68. bxa4 bxa4 69. Rg3 Kd5 70. Rh3 1/2-1/2

[Event "GER-ch U18 Girls"]
[Site "Willingen"]
[Date "2015.05.25"]
[Round "3"]
[White "Lagunow, Elina"]
[Black "Schwarz, Larissa"]
[Result "0-1"]
[WhiteElo "1765"]
[BlackElo "1983"]
[PlyCount "83"]
[EventDate "2015.05.24"]
[EventType "swiss"]
[EventRounds "9"]
[EventCountry "GER"]
[SourceTitle "CBM 166 Extra"]
[Source "ChessBase"]
[SourceDate "2015.06.18"]
[SourceVersion "1"]
[SourceVersionDate "2015.06.18"]
[SourceQuality "1"]

1. Nf3 c5 2. g3 Nc6 3. Bg2 g6 4. 0-0 Bg7 5. d3 e5 6. c3 Nge7 7. e4 0-0 8. Nbd2 d6 9. Ne1 Kh8 10. f4 exf4 11. gxf4 f5 12. Ndf3 Be6 13. Be3 Qd7 14. Qc2 b6 15. Ng5 Bg8 16. Qa4 h6 17. Ngf3 d5 18. e5 Nxe5 19. Qxd7 Nxd7 20. d4 Nc6 21. Ne5 Ndxe5 22. dxe5 Na5 23. b3 Rad8 24. Rd1 Rd7 25. Rf2 Rfd8 26. Rfd2 Be6 27. Nf3 Kh7 28. h4 Nc6 29. Kf2 Bf8 30. Bf1 Be7 31. Bb5 Rc7 32. Bxc6 Rxc6 33. Kg3 a5 34. c4 d4 35. Bxd4 cxd4 36. Nxd4 Bb4 37. Rd3 Bxc4 38. bxc4 Rxc4 39. h5 Rc3 40. hxg6+ Kxg6 41. Kf3 Rxd4 42. e6 0-1

[Event "BL2 Sued 1415 (Women)"]
[Site "Germany"]
[Date "2015.03.29"]
[Round "7.4"]
[White "Brendel, Bergit"]
[Black "Schwarz, Larissa"]
[Result "1/2-1/2"]
[WhiteElo "2020"]
[BlackElo "1951"]
[PlyCount "65"]
[EventDate "2014.09.27"]
[EventType "team-tourn"]
[EventRounds "7"]
[EventCountry "GER"]
[SourceTitle "CBM 166 Extra"]
[Source "ChessBase"]
[SourceDate "2015.06.18"]
[SourceVersion "1"]
[SourceVersionDate "2015.06.18"]
[SourceQuality "1"]
[WhiteTeam "Karlsruhe (W)"]
[BlackTeam "Mainz Schott (W)"]
[WhiteTeamCountry "GER"]
[BlackTeamCountry "GER"]

1. e4 c5 2. Nf3 d6 3. d4 cxd4 4. Nxd4 Nf6 5. Nc3 a6 6. Be2 e5 7. Nb3 Be7 8. Bg5 Nbd7 9. 0-0 0-0 10. f4 b5 11. Bxf6 Nxf6 12. fxe5 dxe5 13. Qxd8 Rxd8 14. Bd3 Be6 15. h3 Rac8 16. Nd2 Bc5+ 17. Kh2 Bd4 18. Nf3 Bxc3 19. bxc3 Rc5 20. a4 Bc4 21. axb5 axb5 22. Rfd1 Bxd3 23. cxd3 Rxc3 24. Nxe5 b4 25. Ra7 b3 26. Rb7 Nh5 27. Nxf7 Rcxd3 28. Rxd3 Rxd3 29. Ne5 Rd8 30. Rxb3 Nf6 31. Re3 Re8 32. Ng4 Nxe4 33. Nf2 1/2-1/2

[Event "Staufer op-A 27th"]
[Site "Schwaebisch Gmuend"]
[Date "2015.01.03"]
[Round "3"]
[White "Burmakin, Vladimir"]
[Black "Schwarz, Larissa"]
[Result "1-0"]
[WhiteElo "2578"]
[BlackElo "1961"]
[PlyCount "57"]
[EventDate "2015.01.02"]
[EventType "swiss"]
[EventRounds "9"]
[EventCountry "GER"]
[SourceTitle "CBM 164 Extra"]
[Source "ChessBase"]
[SourceDate "2015.03.02"]
[SourceVersion "1"]
[SourceVersionDate "2015.03.02"]
[SourceQuality "1"]

1. d4 Nf6 2. Nf3 g6 3. c4 Bg7 4. Nbd2 d5 5. cxd5 Nxd5 6. e4 Nb6 7. Nb3 0-0 8. Be2 a5 9. 0-0 Nc6 10. Be3 Bg4 11. d5 Ne5 12. Nxe5 Bxe2 13. Qxe2 Bxe5 14. Nc5 Qc8 15. Rac1 Nd7 16. Nd3 Bg7 17. Qc2 Ne5 18. Nxe5 Bxe5 19. f4 Bg7 20. b3 e6 21. Qxc7 exd5 22. exd5 Qf5 23. d6 Qe6 24. Bb6 Rad8 25. Qxb7 Rb8 26. Qc6 Qe2 27. Bc7 Ra8 28. d7 Qxa2 29. Rcd1 1-0

[Event "GER-chT Lands U20"]
[Site "Hannover"]
[Date "2014.10.04"]
[Round "2.5"]
[White "Schwarz, Larissa"]
[Black "Ewert, Hannes"]
[Result "0-1"]
[WhiteElo "1981"]
[BlackElo "1981"]
[PlyCount "170"]
[EventDate "2014.10.03"]
[EventType "team-swiss"]
[EventRounds "7"]
[EventCountry "GER"]
[SourceTitle "CBM 162 Extra"]
[Source "ChessBase"]
[SourceDate "2014.10.17"]
[SourceVersion "1"]
[SourceVersionDate "2014.10.17"]
[SourceQuality "1"]
[WhiteTeam "Rheinland Pfalz"]
[BlackTeam "Niedersachsen"]
[WhiteTeamCountry "GER"]
[BlackTeamCountry "GER"]

1. e4 c5 2. Nf3 d6 3. Bb5+ Nd7 4. d4 cxd4 5. Nxd4 a6 6. Be2 Ngf6 7. Nc3 e6 8. Be3 Qc7 9. Qd2 b5 10. a3 Bb7 11. f3 Be7 12. Nb3 0-0 13. 0-0 Rfd8 14. Bd3 Ne5 15. Qf2 Nfd7 16. Qg3 Rac8 17. f4 Nxd3 18. cxd3 Nc5 19. Bd4 f6 20. Nd2 d5 21. e5 f5 22. Rac1 Qb8 23. Kh1 Kf7 24. Qh3 h6 25. g4 fxg4 26. Qxg4 g6 27. Rg1 Rg8 28. Qh3 h5 29. Rcf1 Rcf8 30. Rg3 Nd7 31. Rfg1 Bc8 32. Qg2 g5 33. fxg5 Nxe5 34. g6+ Ke8 35. g7 Rf5 36. Bxe5 Qxe5 37. Nf3 Qf6 38. Rg6 Qf7 39. Nd4 Rf2 40. Qg3 Rf4 41. Nce2 Rf6 42. Rxf6 Bxf6 43. Rc1 Bd7 44. Nc6 Qxg7 45. Qf3 Qg4 46. Qxg4 Rxg4 47. d4 Bg5 48. Rc3 Bf4 49. h3 Rh4 50. Kg2 Bd6 51. Nb4 a5 52. Nd3 b4 53. axb4 axb4 54. Rc1 Bb5 55. Rd1 Ke7 56. Rd2 Kf6 57. Ndc1 Bf4 58. Nxf4 Rxf4 59. Nb3 Kf5 60. Nc5 Bf1+ 61. Kg3 h4+ 62. Kh2 Rf3 63. Kg1 Bxh3 64. Rf2 Kf4 65. Nd3+ Kg3 66. Rxf3+ Kxf3 67. Kh2 Bf5 68. Nxb4 Ke3 69. Nc6 Kd3 70. b4 Kc4 71. Ne5+ Kxd4 72. Nf3+ Kc4 73. Nxh4 Kxb4 74. Nf3 Kc3 75. Kg3 d4 76. Kf4 Bh3 77. Ng1 Bf1 78. Nf3 Be2 79. Ng1 Bh5 80. Nh3 d3 81. Nf2 d2 82. Ke5 Bg4 83. Kf4 d1Q 84. Nxd1+ Bxd1 85. Ke5 Bb3 0-1

[Event "Oberliga Sued W 1415"]
[Site "Germany"]
[Date "2014.09.21"]
[Round "1.8"]
[White "Schwarz, Larissa"]
[Black "Krannich, Holger"]
[Result "1-0"]
[WhiteElo "1933"]
[BlackElo "2144"]
[PlyCount "101"]
[EventDate "2014.09.21"]
[EventType "team-tourn"]
[EventRounds "9"]
[EventCountry "GER"]
[SourceTitle "EXT 2019"]
[Source "ChessBase"]
[SourceDate "2018.10.10"]
[SourceVersion "1"]
[SourceVersionDate "2018.10.10"]
[SourceQuality "1"]
[WhiteTeam "Schott Mainz II"]
[BlackTeam "Heidesheim"]
[WhiteTeamCountry "GER"]
[BlackTeamCountry "GER"]

1. e4 c5 2. Nf3 g6 3. d4 Bg7 4. Nc3 cxd4 5. Nxd4 Nc6 6. Be3 Nf6 7. Bc4 0-0 8. f3 d6 9. Qd2 Bd7 10. Bb3 Rc8 11. 0-0-0 Ne5 12. Kb1 a6 13. h4 h5 14. Bh6 Nc4 15. Qg5 Rc5 16. Nd5 Nxd5 17. exd5 e5 18. dxe6 Rxg5 19. Bxg5 Qc7 20. exd7 Ne5 21. d8Q Rxd8 22. Bxd8 Qxd8 23. Ne2 Qb6 24. Nc3 Qf2 25. Ne4 Qxg2 26. Nxd6 Nxf3 27. Bxf7+ Kf8 28. Be6 Bd4 29. Bc8 Bg1 30. Rh3 Bc5 31. Nxb7 Qe2 32. Rhh1 Be7 33. Na5 Bxh4 34. Nb3 Bf2 35. Rhf1 g5 36. Bxa6 Qxa6 37. Rxf2 g4 38. Nd4 Qb6 39. c3 Kg7 40. Nf5+ Kf7 41. Nd4 Kg7 42. Re2 Qg6+ 43. Ka1 Nxd4 44. cxd4 g3 45. d5 Qg4 46. Ree1 h4 47. d6 Qd7 48. Re7+ Qxe7 49. dxe7 Kf7 50. Re1 Ke8 51. a4 1-0

[Event "Stuttgart-chA int"]
[Site "Ditzingen"]
[Date "2014.05.30"]
[Round "3"]
[White "Schroeder, Jan Christian"]
[Black "Schwarz, Larissa"]
[Result "1-0"]
[WhiteElo "2374"]
[BlackElo "1896"]
[PlyCount "49"]
[EventDate "2014.05.29"]
[EventType "swiss"]
[EventRounds "7"]
[EventCountry "GER"]
[SourceTitle "EXT 2015"]
[Source "ChessBase"]
[SourceDate "2014.11.20"]
[SourceVersion "1"]
[SourceVersionDate "2014.11.20"]
[SourceQuality "1"]

1. e4 c5 2. Nf3 d6 3. Bb5+ Bd7 4. Bxd7+ Qxd7 5. 0-0 Nc6 6. c3 Nf6 7. d4 cxd4 8. cxd4 Nxe4 9. d5 Ne5 10. Re1 Nxf3+ 11. Qxf3 Nf6 12. Nc3 0-0-0 13. Be3 Kb8 14. Bd4 Rc8 15. b4 Rc4 16. Qd3 Rxb4 17. Rab1 Rxb1 18. Rxb1 e5 19. Bxa7+ Kxa7 20. Qe3+ Kb8 21. Nb5 Kc8 22. Qb6 Qd8 23. Rc1+ Kd7 24. Qxb7+ Ke8 25. Rc8 1-0

[Event "Stuttgart-chA int"]
[Site "Ditzingen"]
[Date "2014.05.29"]
[Round "1"]
[White "Schwab, Matthias"]
[Black "Schwarz, Larissa"]
[Result "0-1"]
[WhiteElo "2102"]
[BlackElo "1896"]
[PlyCount "62"]
[EventDate "2014.05.29"]
[EventType "swiss"]
[EventRounds "7"]
[EventCountry "GER"]
[SourceTitle "EXT 2015"]
[Source "ChessBase"]
[SourceDate "2014.11.20"]
[SourceVersion "1"]
[SourceVersionDate "2014.11.20"]
[SourceQuality "1"]

1. d4 Nf6 2. c4 g6 3. Nc3 d5 4. cxd5 Nxd5 5. e4 Nxc3 6. bxc3 Bg7 7. Be3 0-0 8. Qd2 c5 9. Rc1 Qa5 10. Nf3 Rd8 11. d5 Nd7 12. c4 Qa3 13. Bd3 Nb6 14. e5 Bg4 15. Bf4 Nd7 16. e6 fxe6 17. Ng5 Nf8 18. 0-0 b5 19. h3 bxc4 20. Bxc4 exd5 21. hxg4 dxc4 22. Qe2 c3 23. Qxe7 Qxa2 24. Qxc5 Rac8 25. Qe3 Re8 26. Qd3 c2 27. Be3 Qc4 28. Qd6 Bb2 29. Nf3 Rcd8 30. Qh2 Bxc1 31. Bxc1 Rd1 0-1

[Event "BL 1314 (Women)"]
[Site "Germany"]
[Date "2014.02.15"]
[Round "6.4"]
[White "Sieber, Fiona"]
[Black "Schwarz, Larissa"]
[Result "1-0"]
[WhiteElo "1871"]
[BlackElo "1930"]
[PlyCount "65"]
[EventDate "2013.10.04"]
[EventType "team-tourn"]
[EventRounds "11"]
[EventCountry "GER"]
[SourceTitle "EXT 2018"]
[Source "ChessBase"]
[SourceDate "2017.10.13"]
[SourceVersion "1"]
[SourceVersionDate "2017.10.13"]
[SourceQuality "1"]
[WhiteTeam "Lehrte (W)"]
[BlackTeam "Schott Mainz (W)"]
[WhiteTeamCountry "GER"]
[BlackTeamCountry "GER"]

1. e4 c5 2. Nf3 e6 3. d4 cxd4 4. Nxd4 a6 5. Bd3 Qc7 6. 0-0 Nf6 7. Qe2 d6 8. c4 g6 9. Nc3 Bg7 10. Nc2 Nbd7 11. Ne3 b6 12. Bd2 Bb7 13. b4 Ne5 14. Rac1 Nxd3 15. Qxd3 0-0 16. Rfd1 Rfd8 17. Be1 Rac8 18. f3 Bh6 19. Bh4 g5 20. Bg3 Bf8 21. c5 e5 22. c6 Qxc6 23. Ncd5 Qxc1 24. Nxf6+ Kg7 25. Nh5+ Kg6 26. Rxc1 Rxc1+ 27. Kf2 Rdc8 28. Bxe5 dxe5 29. Qd7 R8c2+ 30. Nxc2 Rxc2+ 31. Ke3 Bc8 32. Qe8 Bh6 33. g4 1-0

[Event "BL 1314 (Women)"]
[Site "Germany"]
[Date "2014.01.26"]
[Round "5.5"]
[White "Zhang, Fan"]
[Black "Schwarz, Larissa"]
[Result "1-0"]
[WhiteElo "2100"]
[BlackElo "1930"]
[PlyCount "71"]
[EventDate "2013.10.04"]
[EventType "team-tourn"]
[EventRounds "11"]
[EventCountry "GER"]
[SourceTitle "EXT 2018"]
[Source "ChessBase"]
[SourceDate "2017.10.13"]
[SourceVersion "1"]
[SourceVersionDate "2017.10.13"]
[SourceQuality "1"]
[WhiteTeam "Muelheim Nord (W)"]
[BlackTeam "Schott Mainz (W)"]
[WhiteTeamCountry "GER"]
[BlackTeamCountry "GER"]

1. d4 Nf6 2. Nf3 g6 3. Bg5 Bg7 4. e3 0-0 5. Bc4 d5 6. Bd3 c5 7. c3 Nc6 8. Nbd2 Be6 9. 0-0 Rc8 10. Re1 Qd7 11. dxc5 Bf5 12. e4 dxe4 13. Nxe4 Rfd8 14. Bxf6 Qxd3 15. Qxd3 Rxd3 16. Bxg7 Kxg7 17. Rac1 Rcd8 18. b4 Bg4 19. Neg5 h6 20. h3 Bf5 21. Ne4 Bxh3 22. b5 Na5 23. Ne5 R3d5 24. Nxf7 Kxf7 25. gxh3 Rd3 26. Kg2 R8d5 27. Rb1 Rh5 28. Rb4 Rdxh3 29. Ra4 b6 30. c6 Rh2+ 31. Kf3 R2h3+ 32. Ke2 Re5 33. f3 Rh2+ 34. Ke3 Ke8 35. Rd1 Rc2 36. Rd3 1-0

[Event "GER-chT U20 Girls"]
[Site "Osnabrueck"]
[Date "2013.12.28"]
[Round "4.3"]
[White "Schwarz, Larissa"]
[Black "Rosmait, Emily"]
[Result "0-1"]
[WhiteElo "1862"]
[BlackElo "1694"]
[PlyCount "92"]
[EventDate "2013.12.27"]
[EventType "team-swiss"]
[EventRounds "7"]
[EventCountry "GER"]
[SourceTitle "EXT 2015"]
[Source "ChessBase"]
[SourceDate "2014.11.20"]
[SourceVersion "1"]
[SourceVersionDate "2014.11.20"]
[SourceQuality "1"]
[WhiteTeam "Schott Mainz"]
[BlackTeam "Harksheide"]
[WhiteTeamCountry "GER"]
[BlackTeamCountry "GER"]

1. e4 e5 2. Nf3 Nc6 3. Bb5 Nf6 4. 0-0 Nxe4 5. d4 Nd6 6. Bxc6 dxc6 7. dxe5 Nf5 8. Qxd8+ Kxd8 9. Nc3 h6 10. Rd1+ Ke8 11. Nd4 Be7 12. Nce2 Nxd4 13. Nxd4 Bd7 14. Re1 c5 15. Nb3 b6 16. Nd2 Kd8 17. b3 Kc8 18. Bb2 Be6 19. Ne4 Kb7 20. Rad1 Rad8 21. c4 Bf5 22. Nc3 Bg5 23. Rd5 c6 24. Rxd8 Rxd8 25. Rd1 Rxd1+ 26. Nxd1 Bd2 27. Bc3 Bc1 28. Bb2 Bxb2 29. Nxb2 Bb1 30. a3 a5 31. Kf1 Bc2 32. Ke2 Bxb3 33. Kd3 b5 34. Kc3 a4 35. f4 Kc7 36. g4 Kd7 37. Nd3 Bxc4 38. Nxc5+ Ke7 39. h4 f6 40. exf6+ Kxf6 41. Kd4 Bd5 42. Nd3 Be6 43. f5 Bd5 44. Ke3 h5 45. Kf4 hxg4 46. Kxg4 Be4 0-1

[Event "GER-chT U20 Girls"]
[Site "Osnabrueck"]
[Date "2013.12.27"]
[Round "2.3"]
[White "Schwarz, Larissa"]
[Black "Schulze, Lara"]
[Result "1-0"]
[WhiteElo "1862"]
[BlackElo "1587"]
[PlyCount "99"]
[EventDate "2013.12.27"]
[EventType "team-swiss"]
[EventRounds "7"]
[EventCountry "GER"]
[SourceTitle "EXT 2015"]
[Source "ChessBase"]
[SourceDate "2014.11.20"]
[SourceVersion "1"]
[SourceVersionDate "2014.11.20"]
[SourceQuality "1"]
[WhiteTeam "Schott Mainz"]
[BlackTeam "Lehrte"]
[WhiteTeamCountry "GER"]
[BlackTeamCountry "GER"]

1. e4 c5 2. Nf3 Nc6 3. d4 cxd4 4. Nxd4 g6 5. Nc3 Bg7 6. Be3 Nf6 7. Bc4 0-0 8. Qd2 Ng4 9. Nxc6 bxc6 10. Bd4 Bxd4 11. Qxd4 Qb6 12. Qxb6 axb6 13. h3 Ne5 14. Bb3 Ba6 15. Rd1 Rfd8 16. Na4 b5 17. Nc5 d6 18. Nxa6 Rxa6 19. 0-0 Nc4 20. Bxc4 bxc4 21. Rd4 Rxa2 22. Rxc4 Rxb2 23. Rxc6 Ra8 24. Rc7 Kf8 25. Rc1 Ke8 26. Rc4 Kd7 27. Kf1 Ra7 28. Ke2 Ra3 29. Rd1 Raa2 30. Rd2 Ra5 31. Rd3 Raa2 32. Kd2 Rb1 33. e5 Raa1 34. exd6 Rd1+ 35. Ke3 Rxd3+ 36. Kxd3 Rd1+ 37. Ke3 Rxd6 38. Rd4 Rxd4 39. Kxd4 Kd6 40. f4 h5 41. g3 f6 42. g4 hxg4 43. hxg4 Kc6 44. c4 Kd6 45. c5+ Kc6 46. f5 g5 47. Kc4 Kc7 48. Kd5 Kd7 49. c6+ Kd8 50. Ke6 1-0

[Event "GER-ch U16 Girls"]
[Site "Oberhof"]
[Date "2013.05.20"]
[Round "3"]
[White "Bluhm, Sonja Maria"]
[Black "Schwarz, Larissa"]
[Result "1-0"]
[WhiteElo "2030"]
[BlackElo "1943"]
[PlyCount "69"]
[EventDate "2013.05.19"]
[EventType "swiss"]
[EventRounds "9"]
[EventCountry "GER"]
[SourceTitle "CBM 154 Extra"]
[Source "ChessBase"]
[SourceDate "2013.06.25"]
[SourceVersion "2"]
[SourceVersionDate "2013.06.25"]
[SourceQuality "1"]

1. e4 c5 2. d3 Nc6 3. g3 g6 4. Bg2 Bg7 5. f4 d6 6. Nf3 e6 7. 0-0 Nge7 8. c3 d5 9. e5 Qb6 10. Na3 0-0 11. Nc2 Qc7 12. Ne3 Nf5 13. Ng4 Qe7 14. Qe1 d4 15. c4 Rd8 16. a3 a5 17. Ng5 h5 18. Nf2 Ne3 19. Bxe3 dxe3 20. Qxe3 Nd4 21. Rad1 Nf5 22. Qc1 Rb8 23. g4 Nd4 24. Qe3 h4 25. Nfe4 b5 26. cxb5 Rxb5 27. Qf2 Bb7 28. Qxh4 Rxb2 29. Kh1 Nc2 30. Qh3 Nxa3 31. Qh7+ Kf8 32. f5 exf5 33. gxf5 Qxe5 34. f6 Rd7 35. Qxg7+ 1-0

[Event "GER-ch U16 Girls"]
[Site "Oberhof"]
[Date "2013.05.19"]
[Round "1"]
[White "Lemke, Berfin"]
[Black "Schwarz, Larissa"]
[Result "0-1"]
[WhiteElo "1574"]
[BlackElo "1943"]
[PlyCount "56"]
[EventDate "2013.05.19"]
[EventType "swiss"]
[EventRounds "9"]
[EventCountry "GER"]
[SourceTitle "CBM 154 Extra"]
[Source "ChessBase"]
[SourceDate "2013.06.25"]
[SourceVersion "2"]
[SourceVersionDate "2013.06.25"]
[SourceQuality "1"]

1. e4 c5 2. Nf3 e6 3. d4 cxd4 4. Nxd4 a6 5. Nc3 Nc6 6. Be3 Qc7 7. Bd3 Nf6 8. 0-0 Ne5 9. f3 Bc5 10. Nce2 Qb6 11. Qc1 d5 12. h3 0-0 13. Rd1 dxe4 14. fxe4 Rd8 15. c3 Nxd3 16. Rxd3 Nxe4 17. b4 Bxd4 18. Bxd4 Qc6 19. Qf4 b5 20. Ng3 Bb7 21. Qf3 f6 22. Re3 Nxg3 23. Qxg3 e5 24. Bc5 Rd2 25. Rf3 Rad8 26. Rf2 R8d3 27. Qg4 Rxf2 28. Bxf2 f5 0-1